000
00232nam a2200085Ia 4500
245
0
_a
Sihlahla sebungani
100
_a
HOUSE, Catherine [South Africa], 2006
_9
102102
942
_c
BK
008
210818s9999 xx 000 0 und d
999
_c
443170
_d
443169